Alte Namen der Länder - Statistiken

Allgemein
  • Dieses Quiz wurde 352 mal gespielt
  • Das Durchschnittsergebnis liegt bei 7 aus 16
Antwortstatistiken
Land vor Land Heute % Korrekt
Zaire Demokratische Republik Kongo
84%
Mesopotamien Irak
70%
Birmanie Myanmar
68%
Südrhodesien Simbabwe
67%
Deutsch-Ostafrika Tansania
64%
Abessinien Äthiopien
62%
Nordrhodesien Sambia
52%
Formosa Taiwan
44%
Goldküste Ghana
41%
Bessarabien Moldau
21%
Numidien Algerien
18%
Joseon Südkorea / Nordkorea
17%
Terra de Santa Cruz Brasilien
16%
Batavische Republik Niederlande
16%
Neue Hebriden Vanuatu
11%
Tylos Bahrain
6%
Keine übereinstimmenden Quizze gefunden
Verteilung der Resultate
Anzahl Personen mit jedem Resultat
Perzentil nach korrekt beantworteten Fragen
Ihre Resultats-Entwicklung
Sie haben dieses Quiz noch nicht gespielt